| 000 | 02317nam a2200469Ia 4500 | ||
|---|---|---|---|
| 001 | 39863429 | ||
| 003 | PE-LiUPU | ||
| 005 | 20250731173603.0 | ||
| 008 | 250305b |||||||| |||| 00| 0 spa d | ||
| 040 |
_aIDK _cPE-LiUPU _dPE-LiUPU _bspa _erda |
||
| 041 | 1 |
_aeng _hger |
|
| 049 | _aEXNs | ||
| 082 |
_223 _a225.04 _bD712n |
||
| 090 |
_aBS2361.2 _b.D670 1998 |
||
| 100 | 1 |
_aDormeyer, Detlev. _eautor. |
|
| 245 | 1 | 4 |
_aThe New Testament among the writings of antiquity / _cDetlev Dormeyer ; translated by Rosemarie Kossov ; translation editor, Stanley E. Porter. |
| 264 |
_aSheffield, England : _bSheffield Academic Press, _cc1998. |
||
| 300 |
_a324 páginas ; _c24 cm. |
||
| 490 | 1 |
_aThe Biblical seminar ; _v55. |
|
| 504 | _aIncluye referencias bibliográficas (p. [260]-307) e indices. | ||
| 505 | _aThe modern literary comparison between biblical literature and the literature of antiquity -- The teacher and prophet of the 'sciptures', Jesus of Nazareth -- The relationship of the literature of antiquity to biblical litarature -- The language and language world of the new testament --Oral saying genres of Jesus: the words of the lord -- Oral apostolic sayings genres -- Oral narrative genres of Jesus: parables -- oral apostolic narrative genres -- The letters -- The gospels and acts of the apostles -- Apocalypses. | ||
| 526 | _aSEG42 | ||
| 526 | _aSEG41 | ||
| 526 | _aSEG40 | ||
| 526 | _aSEG39 | ||
| 526 | _aP94 | ||
| 526 | _aP87 | ||
| 526 | _aP86 | ||
| 526 | _aP85 | ||
| 526 | _aP77 | ||
| 526 | _aP76 | ||
| 526 | _aP35 | ||
| 534 |
_pTranslation of: _tNeue Testament im Rahmen der antiken Literaturgeschichte. _cDarmstadt : Wissenschaftliche Buchgesellschaft, 1993. _f(Altertumswissenschaft) |
||
| 630 | 1 | 4 |
_aBiblia. _pNuevo Testamento _xCrítica, interpretación, etc. _91242 |
| 650 | 2 | 4 |
_aLiteratura griega _xRelación con el Nuevo testamento. _95044 |
| 700 | 1 |
_aKossov, Rosemarie. _etraductora. |
|
| 700 | 1 |
_aPorter, Stanley E., _d1956- _eeditor de traducción. |
|
| 730 | 0 | 2 |
_aNeue Testament im Rahmen der antiken Literaturgeschichte. _lEnglish. _f1998. |
| 730 | 0 | 2 |
_aNeue Testament im Rahmen der antiken Literaturgeschichte. _lEnglish. _f1998. |
| 942 |
_2ddc _cBK _n0 |
||
| 999 |
_c62856 _d62855 |
||
| 980 |
_618226 _aJaime Vilcazán Jefe de Análisis Documental _81 _gALBERTO SANCHEZ Responsable de Automatización |
||